Vietnam.
| Main Author: | |
|---|---|
| Other Authors: | |
| Format: | Book |
| Published: |
Melbourne:
Lonely Planet,
1999.
|
| Edition: | 5th ed. |
| Subjects: |
| LEADER | 00477cam a2200181 7i4500 | ||
|---|---|---|---|
| 001 | 0000007853 | ||
| 005 | 20000712090000.0 | ||
| 020 | 0 | 0 | |a 0864426380 |
| 090 | 0 | 0 | |a VIET 910.2029597 |b FLO |
| 100 | 1 | 0 | |a Florence |
| 245 | 1 | 0 | |a Vietnam. |
| 250 | 0 | 0 | |a 5th ed. |
| 260 | 0 | 0 | |a Melbourne: |b Lonely Planet, |c 1999. |
| 300 | # | # | |a 602 p. |
| 650 | 0 | 0 | |a Vietnam -- |x Voyages and travels |
| 651 | 0 | 0 | |a Vietnam |
| 700 | 1 | 1 | |a Storey, |h Robert |
| 999 | |a B000010933 |b Book |c Countries |e Business Information Centre | ||


